000 00225nam a2200097Ia 4500
008 240331s9999 xx 000 0 und d
082 _a300.7
_bBAB
100 _aBabbie, E
245 4 _aThe practice of social research
942 _cL
999 _c1072
_d1072